The river of God / (Record no. 2709)
[ view plain ]
| 000 -LEADER | |
|---|---|
| fixed length control field | 00973cam a2200325 a 4500 |
| 001 - CONTROL NUMBER | |
| control field | 220086 |
| 003 - CONTROL NUMBER IDENTIFIER | |
| control field | GBCCL |
| 005 - DATE AND TIME OF LATEST TRANSACTION | |
| control field | 20241126110437.0 |
| 008 - FIXED-LENGTH DATA ELEMENTS--GENERAL INFORMATION | |
| fixed length control field | 980417s1998 cau b 001 0 eng |
| 010 ## - | |
| -- | 98021603 |
| 020 ## - INTERNATIONAL STANDARD BOOK NUMBER | |
| International Standard Book Number | 0830720731 (hardcover) |
| 020 ## - INTERNATIONAL STANDARD BOOK NUMBER | |
| International Standard Book Number | 9780830720736 (hardcover) |
| 020 ## - INTERNATIONAL STANDARD BOOK NUMBER | |
| International Standard Book Number | 0830720758 (ITPE) |
| 020 ## - INTERNATIONAL STANDARD BOOK NUMBER | |
| International Standard Book Number | 9780830720750 (ITPE) |
| 035 ## - SYSTEM CONTROL NUMBER | |
| System control number | (OCoLC)ocm39033394 |
| 035 ## - SYSTEM CONTROL NUMBER | |
| System control number | (OCoLC)39033394 |
| 040 ## - CATALOGING SOURCE | |
| Original cataloging agency | DLC |
| Transcribing agency | DLC |
| Modifying agency | BAKER |
| -- | BTCTA |
| -- | YDXCP |
| -- | LBB |
| 049 ## - | |
| -- | LBBK |
| 050 00 - | |
| -- | BV4501.2 |
| -- | .S4357 1998 |
| 082 00 - DEWEY DECIMAL CLASSIFICATION NUMBER | |
| Classification number | 243 |
| Edition information | 21 |
| Item number | SHE |
| 090 ## - LOCALLY ASSIGNED LC-TYPE CALL NUMBER (OCLC); LOCAL CALL NUMBER (RLIN) | |
| Classification number (OCLC) (R) ; Classification number, CALL (RLIN) (NR) | BV4501.2 |
| Local cutter number (OCLC) ; Book number/undivided call number, CALL (RLIN) | .S4357 1998 |
| 100 1# - MAIN ENTRY--PERSONAL NAME | |
| Personal name | Sheets, Dutch. |
| 9 (RLIN) | 5579 |
| 245 14 - TITLE STATEMENT | |
| Title | The river of God / |
| Statement of responsibility, etc. | Dutch Sheets. |
| 260 ## - PUBLICATION, DISTRIBUTION, ETC. | |
| Place of publication, distribution, etc. | Ventura, Calif. : |
| Name of publisher, distributor, etc. | Renew Books, |
| Date of publication, distribution, etc. | c1998. |
| 300 ## - PHYSICAL DESCRIPTION | |
| Extent | 233 p. ; |
| Dimensions | 23 cm. |
| 504 ## - BIBLIOGRAPHY, ETC. NOTE | |
| Bibliography, etc. note | Includes bibliographical references (p. [221]-222) and indexes. |
| 520 ## - SUMMARY, ETC. | |
| Summary, etc. | Christian Library of Lancaster Collection. |
| 650 #0 - SUBJECT ADDED ENTRY--TOPICAL TERM | |
| Topical term or geographic name entry element | Christian life. |
| 9 (RLIN) | 183 |
| 942 ## - ADDED ENTRY ELEMENTS (KOHA) | |
| Source of classification or shelving scheme | Dewey Decimal Classification |
| Koha item type | Books |
| Withdrawn status | Lost status | Source of classification or shelving scheme | Damaged status | Not for loan | Home library | Current Library | Shelving location | Date acquired | Total checkouts | Full call number | Barcode | Date last seen | Copy number | Price effective from | Koha item type |
|---|---|---|---|---|---|---|---|---|---|---|---|---|---|---|---|
| Dewey Decimal Classification | GRACE BIBLE COLLEGE | GRACE BIBLE COLLEGE | Ministry & Mission | 2017-09-13 | 243 SHE | 012195 | 2025-05-01 | c.1 | 2017-09-13 | Books | |||||
| Dewey Decimal Classification | GRACE BIBLE COLLEGE | GRACE BIBLE COLLEGE | Ministry & Mission | 2017-09-13 | 243 SHE | 012196 | 2025-05-01 | c.2 | 2017-09-13 | Books | |||||
| Dewey Decimal Classification | GRACE BIBLE COLLEGE | GRACE BIBLE COLLEGE | Ministry & Mission | 2017-09-13 | 243 SHE | 012197 | 2025-05-01 | c.3 | 2017-09-13 | Books | |||||
| Dewey Decimal Classification | GRACE BIBLE COLLEGE | GRACE BIBLE COLLEGE | Ministry & Mission | 2017-09-13 | 243 SHE | 012198 | 2025-05-01 | c.4 | 2017-09-13 | Books | |||||
| Dewey Decimal Classification | GRACE BIBLE COLLEGE | GRACE BIBLE COLLEGE | Ministry & Mission | 2017-09-13 | 243 SHE | 012199 | 2025-05-01 | c.5 | 2017-09-13 | Books | |||||
| Dewey Decimal Classification | GRACE BIBLE COLLEGE | GRACE BIBLE COLLEGE | Ministry & Mission | 2017-09-20 | 243 SHE | 012200 | 2025-05-01 | c.6 | 2017-09-20 | Books | |||||
| Dewey Decimal Classification | GRACE BIBLE COLLEGE | GRACE BIBLE COLLEGE | Ministry & Mission | 2017-09-20 | 243 SHE | 012201 | 2025-05-01 | c.7 | 2017-09-20 | Books | |||||
| Dewey Decimal Classification | GRACE BIBLE COLLEGE | GRACE BIBLE COLLEGE | Ministry & Mission | 2017-09-20 | 243 SHE | 012202 | 2025-05-01 | c.8 | 2017-09-20 | Books |